Indian competition law / (Record no. 101760)

MARC details
000 -LEADER
fixed length control field 00558nam a22001817a 4500
005 - DATE AND TIME OF LATEST TRANSACTION
control field 20160803122302.0
010 ## - LCCN (DPL NO)
LC control number ENG-115416
020 ## - INTERNATIONAL STANDARD BOOK NUMBER
International Standard Book Number 9489351437284
Terms of availability 395.00
035 ## - SYSTEM CONTROL NUMBER
System control number EN-98948
037 ## - SOURCE OF ACQUISITION
Source of stock number/acquisition DBAD/PUB
082 ## - DEWEY DECIMAL CLASSIFICATION NUMBER
Classification number 343.540721
100 ## - MAIN ENTRY--PERSONAL NAME
Personal name Vahini,Versha
245 ## - TITLE STATEMENT
Title Indian competition law /
Statement of responsibility, etc by Versha Vahini
260 ## - PUBLICATION, DISTRIBUTION, ETC. (IMPRINT)
Place of publication, distribution, etc Gurgaon
Name of publisher, distributor, etc Lexis Nexis
Date of publication, distribution, etc 2013
270 ## - ADDRESS
Address 14th Floor, Building No 10, Tower-B, DLF Cyber City, Phase-ll,
City Gurgaon
Postal code 122002
300 ## - PHYSICAL DESCRIPTION
Extent xiii,286p.
Dimensions 24cm(pbk)
942 ## - ADDED ENTRY ELEMENTS (KOHA)
Source of classification or shelving scheme Dewey Decimal Classification
Item type English Books
Call number suffix VAH
Classification part 343.540721
Holdings
Withdrawn status Lost status Not for loan Collection code Home library Current library Date acquired Source of acquisition Cost, normal purchase price Full call number Barcode Copy number Cost, replacement price Koha item type
    Not For Loan Non-fiction D.B.Act.Division Bawana 03/08/2016 DBAD/PUB 395.00 343.540721 VAH EN-98948 1 395.00 English Books

© Delhi Public Library
Hit Counter
free hit counter